| 000 | 00000nas 2200000zi 4500 |
| 001 | 9.927550 |
| 003 | CaOODSP |
| 005 | 20240216141656 |
| 006 | m o d f |
| 007 | cr cn |||||||| |
| 008 | 230919c20239999quchr p o f0###a0eng d |
| 022 | |a2817-7126 |
| 040 | |aCaOODSP|beng|erda|cCaOODSP |
| 043 | |an-cn--- |
| 086 | 1 |aCC542-1E-PDF |
| 110 | 2 |aJacques Cartier and Champlain Bridges Incorporated.|eauthor, |eissuing body. |
| 222 | 0|aSustainable development strategy |b(Jacques Cartier and Champlain Bridges Incorporated) |
| 245 | 10|a... sustainable development strategy / |cThe Jacques Cartier and Champlain Bridges Incorporated. |
| 264 | 1|a[Longueuil, Québec] : |bThe Jacques Cartier and Champlain Bridges Incorporated, |c2021- |
| 310 | |aTriennial |
| 336 | |atext|btxt|2rdacontent |
| 337 | |acomputer|bc|2rdamedia |
| 338 | |aonline resource|bcr|2rdacarrier |
| 362 | 1 |aBegan with: 2020 to 2023. |
| 500 | |aIssued also in French under title: Stratégie de développement durable de ... |
| 588 | |aDescription based on: 2020 to 2023; title from PDF cover. |
| 588 | |aLatest issue consulted: 2020 to 2023. |
| 610 | 20|aJacques Cartier and Champlain Bridges Incorporated |vPeriodicals. |
| 650 | 0|aSustainable development|xGovernment policy|zCanada|vPeriodicals. |
| 655 | 7|aPeriodicals|2lcgft |
| 775 | 08|tStratégie de développement durable de ... / |w(CaOODSP)9.927549 |
| 780 | 00|tSustainability report ... / |w(CaOODSP)9.934058 |